Movies Quiz

Random Movies or Director Quiz

Dead Movies Quiz Stats

 Plays Quiz Updated Mar 5, 2019

Score 0/26 Timer 07:00
0 Plays Today
Year/Genre Movie Name % Correct
1968 / HorrorNight of the Living Dead
82.9%
1995 / DramaDead Man Walking
57.2%
2004 / ComedyShaun of the Dead
51%
1981 / HorrorThe Evil Dead
40.6%
1989 / DramaDead Poets Society
29.5%
1995 / WesternThe Quick and The Dead
27.3%
1985 / ComedyBetter Off Dead
24.7%
1995 / ComedyDracula: Dead and Loving It
24.6%
1991 / ComedyDon't Tell Mom The Babysitter's Dead
23.5%
1983 / HorrorThe Dead Zone
22.2%
1989 / ThrillerDead Calm
17.9%
1991 / ComedyDrop Dead Fred
16.4%
1988 / ActionThe Dead Pool
16.3%
Year/Genre Movie Name % Correct
2008 / ComedyOver Her Dead Body
15.3%
1992 / HorrorDead Alive
14.7%
1982 / ComedyDead Men Don't Wear Plaid
13.6%
1991 / ThrillerDead Again
13.3%
1999 / ComedyDrop Dead Gorgeous
12.3%
1998 / ComedyDead Man On Campus
12.2%
1988 / ThrillerDead Ringers
11.1%
1999 / DramaBringing Out The Dead
9.9%
1995 / DramaDead Presidents
8.8%
1995 / DramaThings To Do In Denver When You're Dead
8.3%
2007 / DramaBefore The Devil Knows You're Dead
7.5%
2000 / ThrillerWaking the Dead
4.3%
2004 / ThrillerI'll Sleep When I'm Dead
2.2%

You're not logged in!

Compare scores with friends on all Sporcle quizzes.
OR
Log In

Sporcle TV

Today on Sporcle TV


Watch our educational content, quiz creation guides, and fun videos on Sporcle TV.

Show Comments

Extras

Top Quizzes Today


Score Distribution

Your Account Isn't Verified!

In order to create a playlist on Sporcle, you need to verify the email address you used during registration. Go to your Sporcle Settings to finish the process.

Report this User

Report this user for behavior that violates our Community Guidelines.

Details: